1458 1418 1718 1436 1066 1050 1711 1986 1777 1122 1938 1871 1775 1371 1616 1474 1870 1249 1187 1754 1185 1256 1503 1457 1318 1922 1796 1458 1129 1194 1604 1818 1560 1061 1753 1000 1621 1834 1498 1404 1871 1071 1117 1236 1359 1991 1098 1436 1876 1405 1314 1566 1662 1058 1691 1976 1788 1227 1577 1150 1894 1898 1949 1649 1833 1452 1460 1081 1419 1282 1603 1671 1305 1294 1362 1817 1586 1247 1048 1358 1950 1027 1830 1532 1250 1358 1071 1243 1928 1257 1983 1544 1788 1102 1687 1717 1272 1047 1854 BCNSPRNW ULIB Ver.6.0+V

เปลี่ยนเป็นภาษาไทย

Change to English
 แสดงรายละเอียดบรรณานุกรม
  กลับหน้าหลัก

Brief Record : Get Marc (ISO 2709) : E-mail record : QR code < ปิดหน้าต่าง
LEADER : 00000nam 2200000uu 4500
001    13399111598
003     ULIB
008    110627s||||||||th 000 0 tha d
020    9789742361566
090    นว.^bฉ519ว 2551
100 0  เฉียวอัน
245 00 วิวาห์พาฝัน/^cเฉียวอัน
250    พิมพ์ครั้งที่ 1
260    กรุงเทพฯ :^bแจ่มใส,^c2551
300    196 หน้า
945    ^p149^l0^i024491
995    ทศพร
999 ^a ใช้งานได้ทุกระบบ
รายการนี้ยังไม่มีแท็ก
คุณยังไม่ได้ล็อกอิน คุณสามารถมีกิจกรรมร่วมกับเว็บไซต์ได้ แต่ต้องล็อกอินก่อน ::
  ล็อกอิน

รายการสื่อสารสนเทศ

ลำดับที่ ประเภท เลขเรียก/บาร์โค้ด สถานที่ สถานะ
- ไม่พบข้อมูล -

รายการใกล้เคียง
    ผู้แต่ง [เฉียวอัน]

BibComment


ยังไม่เคยถูกคอมเมนท์

คอมเมนท์ทรัพยากรรายการนี้
  คอมเมนท์: วิวาห์พาฝัน เฉียว..


 Copyright 2026. Bcnsprnw @Library